000 00737cab a2200229 4500
001 WB3440-34
008 090401t1998 xxu||||| |||| 00| 0 eng d
035 _a(Sirsi) u89191
041 _aeng
245 _aLet, and live to regret
260 _c1998
350 _a0
490 _aTimes
_v21 October 1998, 39(1)
520 _aIn the light of the government decision not to create a `rent deposit bank` to hold tenants` deposits and resolve disputes, this article examines the problems for landlords from irresponsible or unscrupulous tenants.
650 _aARLA
650 _aDEFAULTERS
650 _aLETTING
650 _aRENT DEPOSIT SCHEME
690 _aPROPERTY-LANDLORD AND TENANT
942 _n0
948 _c21/10/1998
999 _c56410
_d56410